000 00629cam0a220019300 4500
001 qcf00023630
005 20190830105634.0
008 760621s1958 it 000 1 ita d
035 _a(Sirsi) r26153
035 _a(QCAT)lss01294047
035 _a(UPRA)qcf00023630
040 _dUPRA
100 1 _aGoldoni, Carlo, 1707-1793.
_dGoldoni, Carlo, 1707-1793.
_6A44368.1
245 1 3 _aLa bottega del caffe /
_cCarlo Goldoni ; a cura di Paolo Lecaldano.
260 _aMilano :
_bRizzoli,
_c1958.
490 0 _aBiblioteca Universale Rizzoli 1245
_6S13400.1
949 _aPQ4694.B6
_wlcc
_i-26762
_mMAIN
_tBOOK
_lON-SHELF
004 26153
999 _c187141
_d187141